Statistiques concernant Finalistes Ballon d'or 2010-2019

Cliquez ici pour prendre le quiz!

Statistiques générales

  • Ce quiz a été pris 1 498 fois
  • Le résultat moyen est 146 sur 258

Statistiques - réponses

PlaceJoueur% Correct
1 | 2 | 3Cristiano Ronaldo
100%
1 | 2 | 5Lionel Messi
100%
6Chrisitano Ronaldo
96%
1 | 5 | 18Luka Modrić
92%
3 | 4 | 6 | +3 othersAndrés Iniesta
91%
2Andrés iniesta
91%
3 | 5 | 7 | +3 othersNeymar
91%
4 | 6 | 7Kylian Mbappé
90%
15Xavi
89%
3 | 18Antoine Griezmann
86%
15 | 16 | 18 | +4 othersKarim Benzema
86%
3 | 7 | 19 | +2 othersManuel Neuer
81%
22Son Heung-min
81%
3Franck Ribéry
80%
5 | 6Mohamed Salah
79%
6 | 18 | 21 | +2 othersSergio Ramos
79%
4 | 5 | 6 | +2 othersLuis Suárez
78%
4 | 8 | 9 | +2 othersRobert Lewandowski
77%
2Virgil van Dijk
76%
9 | 14 | 18 | 21Kevin De Bruyne
71%
14 | 15 | 22Paul Pogba
71%
7Raphaël Varane
70%
9 | 17 | 21Toni Kroos
70%
8 | 11N'Golo Kanté
67%
5 | 6 | 15 | +3 othersThomas Müller
67%
6 | 9 | 12 | +2 othersGareth Bale
66%
4 | 8 | 14 | 22Arjen Robben
65%
4 | 10 | 11 | 13Zlatan Ibrahimović
63%
20 | 21Gerard Piqué
62%
16 | 24Marcelo
62%
4 | 9 | 16Gianluigi Buffon
60%
10Harry Kane
60%
7Iker casillas
58%
6 | 9Iker Casillas
58%
21Thiago Silva
58%
14 | 20Thibaut Courtois
58%
9Bernardo Silva
56%
23 | 27 | 30Hugo Lloris
56%
20Sergio Busquets
54%
22Dani Alves
53%
11 | 20 | 22Edinson Cavani
53%
8 | 9Didier Drogba
52%
8 | 13 | 19 | +2 othersEden Hazard
52%
6 | 14 | 23Philipp Lahm
52%
4 | 23Sadio Mané
52%
11Carles Puyol
50%
10Pepe
49%
13 | 14 | 16 | +2 othersSergio Agüero
49%
8 | 23David Villa
48%
8 | 12Samuel Eto'o
48%
10Ángel Di María
46%
25Marc-André ter Stegen
43%
4 | 22Wesley Sneijder
43%
13 | 14 | 16 | 19Mesut Özil
42%
17 | 19Roberto Firmino
42%
5 | 15Wayne Rooney
41%
13Daniel Alves
40%
7 | 10Riyad Mahrez
40%
15Mario Götze
37%
20 | 23Ivan Rakitić
36%
8 | 19James Rodríguez
35%
7 | 9Robin van Persie
34%
15 | 22Paulo Dybala
33%
3Xavi Hernández
33%
4Xavi Hernandez
33%
7 | 10Andrea Pirlo
31%
24Gonzalo Higuaín
31%
27Mats Hummels
31%
19Trent Alexander-Arnold
31%
10 | 11 | 12Xabi Alonso
31%
5 | 11 | 24Radamel Falcao
30%
19Dimitri Payet
29%
11Frenkie de Jong
29%
22Leonardo Bonucci
29%
29Marquinhos
29%
21Miroslav Klose
29%
10Alexis Sánchez
28%
12Raheem Sterling
28%
12 | 14Yaya Touré
28%
26 | 27Jan Oblak
27%
12 | 29Isco
26%
11 | 20 | 21Pierre-Emerick Aubameyang
26%
26Mario Mandžukić
24%
20David de Gea
23%
5 | 7Diego Forlán
23%
8Jamie Vardy
23%
15Matthijs de Ligt
22%
11Diego Costa
21%
23Mario Balotelli
20%
18Nani
20%
29Philippe Coutinho
20%
16 | 17 | 18 | 21Bastian Schweinsteiger
19%
23 | 28Diego Godín
19%
14 | 19Javier Mascherano
19%
15 | 17Arturo Vidal
18%
16 | 20Cesc Fàbregas
18%
11Éric Abidal
17%
21Dušan Tadić
15%
28Edin Džeko
15%
26Koke
14%
7 | 25Alisson Becker
13%
27Georginio Wijnaldum
13%
17Douglas Maicon
11%
30Dries Mertens
11%
28João Félix
11%
19Júlio César
11%
12Rui Patrício
11%
30Donny van de Beek
10%
24Kalidou Koulibaly
8%
18Asamoah Gyan
5%

Distribution des résultats

Percentile par nombre de réponses

% des personnes avec chaque résultat

Votre développement - résultats

Vous n’avez pas pris ce quiz